Ứng dụng số phức trong giải toán sơ cấp

Tìm hiểu số phức, trường số phức. Nghiên cứu các ứng dụng của số phức trong giải toán sơ cấp

Đã lưu trong:
Sonraí Bibleagrafaíochta
Príomhúdar: Cao Thị Nguyệt Hoa
Údair Eile: Nguyễn Ngọc Châu TS. (Hướng dẫn)
Formáid: Leabhar
Teanga:Vietnamese
Foilsithe: Đà Nẵng Đại học Đà Nẵng 2015
Ábhair:
Clibeanna: Cuir Clib Leis
Gan Chlibeanna, Bí ar an gcéad duine leis an taifead seo a chlibeáil!
Thư viện lưu trữ: Mạng thư viện Đại học Đà Nẵng
LEADER 01520nam a2200337 4500
001 000020230
003 16675
005 20150317140342.0
008 150310s2015 viesd
041 |a vie 
082 1 4 |a 512.788  |b CA-H 
100 1 |a Cao Thị Nguyệt Hoa 
245 1 |a Ứng dụng số phức trong giải toán sơ cấp  |c Cao Thị Nguyệt Hoa ; Nguyễn Ngọc Châu hướng dẫn.  |k Luận văn Thạc sĩ 
260 |a Đà Nẵng  |b Đại học Đà Nẵng  |c 2015 
300 |a 72 tr., phụ lục 3 tr.  |c 29 cm.  |e Tóm tắt 
500 |a Luận văn thạc sĩ Khoa học. Chuyên ngành: Phương pháp toán sơ cấp. Mã số: 60.46.40. 
520 3 |a Tìm hiểu số phức, trường số phức. Nghiên cứu các ứng dụng của số phức trong giải toán sơ cấp 
650 0 4 |a Số phức (toán học)  |v Luận văn tốt nghiệp  |x Ứng dụng giải toán sơ cấp 
653 |a Phương pháp toán sơ cấp 
653 |a Số phức 
700 1 |a Nguyễn Ngọc Châu  |c TS.  |e Hướng dẫn 
OWN |a LSP 
AVA |a UDN50  |b LSP  |d 512.788 CA-H  |e available  |t Error 5001 Not defined in file expand_doc_bib_avail.  |f 1  |g 0  |h N  |i 0  |k 1 
999 |a From the UDN01 
AVA |a UDN50  |b LSP  |d 512.788 CA-H  |e available  |t Error 5001 Not defined in file expand_doc_bib_avail.  |f 1  |g 0  |h N  |i 0  |k 1 
TYP |a Monograph 
TYP |a Printed language 
980 |a Mạng thư viện Đại học Đà Nẵng